| 000 | 02052nam a22002657i 4500 | ||
|---|---|---|---|
| 001 | IT\ICCU\UBO\3796765 | ||
| 003 | ItRI | ||
| 005 | 20260116114817.0 | ||
| 008 | 100604s2010 it |||||| ||||| |||||c | ||
| 020 | _a9788864380841 | ||
| 024 | 3 | 1 | _a9788864380841 |
| 040 |
_bita _cC |
||
| 041 | 7 |
_aita _2ISO-639-2 |
|
| 082 |
_a306.874 _219 |
||
| 100 | 1 |
_aScigliano, Domenica _0IT\ICCU\MILV\211684 |
|
| 245 | 1 | 0 |
_aAmori senza diritti : _bstorie di coppie omosessuali con figli / _cMimma Scigliano. |
| 260 |
_aCivitella in Val di Chiana : _bZona, _cc2010 |
||
| 300 |
_a152 p. ; _c20 cm. |
||
| 520 | _aIn Amori senza diritti di Mimma Scigliano si racconta di famiglie omogenitoriali: un termine ancora poco noto, in Italia, che vuol dire famiglie con due mamme o due papà. Più in generale, in questo libro si parla di progetti di vita nati dall'amore, dalla stima, dal rispetto e dal sostegno reciproco tra persone che si scelgono, ma che l'Italia si ostina a non considerare famiglie a tutti gli effetti, perché composte da una coppia dello stesso sesso. Queste storie vere sfidano con coraggio, passione, intelligenza e allegria il pregiudizio diffuso, la crescente omofobia, la mentalità sempre più stretta di questo nostro paese. E delineano il profilo di nuovi nuclei familiari, per ora senza diritti né riconoscimento, il cui numero cresce di anno in anno. Una realtà su cui è ormai impossibile chiudere gli occhi. In Italia i figli di genitori omosessuali sarebbero circa centomila. Sono genitori un gay o una lesbica su 20, e almeno il 50 per cento delle coppie omosessuali vorrebbe un bambino. Una realtà che questo libro ci aiuta ad avvicinare e conoscere, oltre ogni pregiudizio o tabù, proprio alla vigilia di un importante pronunciamento della Corte Costituzionale sulla legittimità del divieto di matrimonio tra coppie dello stesso sesso in Italia. | ||
| 650 | 7 |
_aOmosessuali _xDiritti |
|
| 830 | 0 |
_aStorie vere. Nient'altro che la verità _0IT\ICCU\UBO\3796767 |
|
| 942 |
_2ddc _cBK |
||
| 981 | 1 |
_6z01 _ai _bxxxe |
|
| 982 | 1 |
_6z01 _an |
|
| 999 |
_c110 _d110 |
||